Statistiques concernant Prénoms de stars - Série 07

Cliquez ici pour prendre le quiz!

Statistiques générales

  • Ce quiz a été pris 124 fois
  • Le résultat moyen est 6 sur 10

Statistiques - réponses

Nom Prénom % Correct
BalaskoJosiane
96%
GainsbourgCharlotte
91%
BinocheJuliette
87%
NantyIsabelle
81%
AzémaSabine
67%
MaillanJacqueline
56%
GarciaNicole
53%
DuezSophie
46%
JacobCatherine
46%
AugerClaudine
15%

Distribution des résultats

Percentile par nombre de réponses

% des personnes avec chaque résultat

Votre développement - résultats

Vous n’avez pas pris ce quiz